[Event "Zonal 2.3"]
[Site "Santo Domingo DOM"]
[Date "2007.06.08"]
[Round "11.4"]
[White "Bruzon Batista, Lazaro"]
[Black "Leon Hoyos, Manuel"]
[Result "1/2-1/2"]
[WhiteElo "2620"]
[BlackElo "2454"]
[PlyCount "65"]
[EventDate "2007.05.30"]
[EventType "tourn"]
[EventRounds "13"]
[EventCountry "DOM"]
[Source "lmi"]
[SourceDate "2007.05.30"]

1. d4 Nf6 2. Nf3 e6 3. g3 c5 4. Bg2 Nc6 5. O-O cxd4 6. Nxd4 Qb6 7. Nb3 d5 8.
Nc3 Bb4 9. e4 d4 10. Ne2 e5 11. Bg5 Be6 12. Bxf6 gxf6 13. c3 dxc3 14. Nxc3 Bxc3
15. bxc3 Na5 16. Rb1 Nxb3 17. axb3 Rc8 18. Qc1 Qc5 19. c4 Ke7 20. Qh6 Rcd8 21.
Bh3 Bxh3 22. Qxh3 Rd3 23. Qh6 Qb4 24. f4 Qd2 25. Rf2 Qe3 26. Qg7 Rd2 27. Rbf1
Rxf2 28. Rxf2 Qe1+ 29. Rf1 Qe3+ 30. Rf2 Rd8 31. fxe5 Qe1+ 32. Rf1 Qe3+ 33. Rf2
1/2-1/2

[Event "Zonal 2.3"]
[Site "Santo Domingo DOM"]
[Date "2007.06.08"]
[Round "11.5"]
[White "Iturrizaga, Eduardo"]
[Black "Boada, Winston"]
[Result "1-0"]
[WhiteElo "2398"]
[BlackElo "2185"]
[PlyCount "59"]
[EventDate "2007.05.30"]
[EventType "tourn"]
[EventRounds "13"]
[EventCountry "DOM"]
[Source "lmi"]
[SourceDate "2007.05.30"]

1. e4 c5 2. Nf3 d6 3. d4 cxd4 4. Nxd4 Nf6 5. Nc3 Nbd7 6. g4 Nc5 7. f3 a6 8. g5
Nfd7 9. Be3 Nb8 10. Qd2 e6 11. O-O-O Qc7 12. h4 Bd7 13. h5 Nc6 14. Nf5 exf5 15.
Nd5 Qd8 16. exf5 Ne7 17. Bxc5 Nxd5 18. Qxd5 Be7 19. Bxd6 Bxd6 20. Qxd6 Qxg5+
21. f4 Qe7 22. Qxe7+ Kxe7 23. Bh3 Bc6 24. Rhe1+ Kf8 25. f6 gxf6 26. h6 Rg8 27.
Bf5 Rg3 28. Rd3 Rg2 29. Bxh7 Rh2 30. Rg3 1-0

[Event "Zonal 2.3"]
[Site "Santo Domingo DOM"]
[Date "2007.06.08"]
[Round "12.2"]
[White "Gonzalez Zamora, Juan C"]
[Black "Dominguez, Jose Manuel"]
[Result "1-0"]
[WhiteElo "2537"]
[BlackElo "2330"]
[PlyCount "81"]
[EventDate "2007.05.30"]
[EventType "tourn"]
[EventRounds "13"]
[EventCountry "DOM"]
[Source "lmi"]
[SourceDate "2007.05.30"]

1. d4 Nf6 2. c4 d6 3. Nc3 Nbd7 4. Nf3 e5 5. e4 Be7 6. Be2 O-O 7. O-O Re8 8. Qc2
Bf8 9. Rd1 h6 10. Rb1 a5 11. b3 c6 12. a3 Nh5 13. Be3 Nf4 14. Bf1 g5 15. g3 Ng6
16. h3 Qe7 17. d5 c5 18. Nh2 Bg7 19. Be2 Kh8 20. Bg4 Nf6 21. Bxc8 Rexc8 22. Qe2
Rg8 23. Qf3 b6 24. Ng4 Rgf8 25. Nxf6 Qxf6 26. Qh5 Ne7 27. Nb5 Ng8 28. Kg2 Qe7
29. Rh1 f5 30. exf5 Rxf5 31. h4 Raf8 32. hxg5 e4 33. Qg6 Be5 34. Rbf1 Qf7 35.
Qxf7 R5xf7 36. Rh4 Kh7 37. Rxe4 hxg5 38. Bxg5 Rf3 39. Rg4 Rxb3 40. Rh1+ Kg6 41.
Be7+ 1-0

[Event "Zonal 2.3"]
[Site "Santo Domingo DOM"]
[Date "2007.06.08"]
[Round "12.3"]
[White "Boada, Winston"]
[Black "Mendoza, Rafael"]
[Result "1/2-1/2"]
[WhiteElo "2185"]
[BlackElo "2390"]
[PlyCount "22"]
[EventDate "2007.05.30"]
[EventType "tourn"]
[EventRounds "13"]
[EventCountry "DOM"]
[Source "lmi"]
[SourceDate "2007.05.30"]

1. d4 Nf6 2. Nf3 e6 3. c4 b6 4. g3 Bb7 5. Bg2 Bb4+ 6. Bd2 Bxd2+ 7. Nbxd2 O-O 8.
O-O d6 9. Nh4 Bxg2 10. Nxg2 Nbd7 11. Qc2 Qe7 1/2-1/2

[Event "Zonal 2.3"]
[Site "Santo Domingo DOM"]
[Date "2007.06.08"]
[Round "12.4"]
[White "Leon Hoyos, Manuel"]
[Black "Iturrizaga, Eduardo"]
[Result "0-1"]
[WhiteElo "2454"]
[BlackElo "2398"]
[PlyCount "106"]
[EventDate "2007.05.30"]
[EventType "tourn"]
[EventRounds "13"]
[EventCountry "DOM"]
[Source "lmi"]
[SourceDate "2007.05.30"]

1. e4 c5 2. Nf3 Nc6 3. d4 cxd4 4. Nxd4 g6 5. Nc3 Bg7 6. Be3 Nf6 7. Bc4 Qa5 8.
O-O O-O 9. Bb3 d6 10. h3 Bd7 11. Qe1 Nxe4 12. Nxc6 Bxc6 13. Nxe4 Qxe1 14. Rfxe1
Bxe4 15. Bg5 Bc6 16. Bxe7 Bxb2 17. Rab1 Bc3 18. Bxf8 Bxe1 19. Bxd6 Bc3 20. Rd1
Re8 21. Rd3 Re1+ 22. Kh2 Bf6 23. Bd5 Bxd5 24. Rxd5 Re2 25. Rc5 Bd4 26. Rc8+ Kg7
27. f4 Re6 28. Rd8 Kf6 29. Bb4 Be3 30. Kg3 Bg1 31. Rd3 Re2 32. Bd2 h5 33. Kf3
Rf2+ 34. Ke4 Ke6 35. Rd8 Rxg2 36. Bb4 Re2+ 37. Kf3 Rf2+ 38. Ke4 f5+ 39. Kd3
Rxf4 40. c3 Rf3+ 41. Kc4 Rxh3 42. Rd6+ Kf7 43. Rd7+ Kf6 44. Rxb7 Re3 45. Rh7
Re4+ 46. Kd5 Re5+ 47. Kd6 f4 48. c4 Rf5 49. c5 f3 50. c6 f2 51. c7 Bh2+ 52. Kc6
Bxc7 53. Be7+ Ke5 0-1

[Event "Zonal 2.3"]
[Site "Santo Domingo DOM"]
[Date "2007.06.08"]
[Round "12.5"]
[White "Vittorino, Carlo"]
[Black "Bruzon Batista, Lazaro"]
[Result "0-1"]
[WhiteElo "2206"]
[BlackElo "2620"]
[PlyCount "72"]
[EventDate "2007.05.30"]
[EventType "tourn"]
[EventRounds "13"]
[EventCountry "DOM"]
[Source "lmi"]
[SourceDate "2007.05.30"]

1. e4 c5 2. Nf3 d6 3. d4 cxd4 4. Nxd4 Nf6 5. Nc3 a6 6. Bc4 e6 7. Bb3 Nbd7 8. f4
Nc5 9. Qf3 b5 10. f5 Bd7 11. Bg5 Be7 12. fxe6 fxe6 13. e5 dxe5 14. Nc6 Bxc6 15.
Qxc6+ Kf7 16. O-O b4 17. Ne2 Nxb3 18. axb3 Qd5 19. Rxa6 Qc5+ 20. Kh1 Rxa6 21.
Qxa6 Qxc2 22. Ng3 Rd8 23. Qc4 Qd3 24. Rf3 Qb1+ 25. Rf1 Rd1 26. Bc1 Rxf1+ 27.
Nxf1 Ne4 28. g3 Nd6 29. Qc7 Qd3 30. Kg1 Nf5 31. Qc4 Qd5 32. h4 Qf3 33. Kh2 e4
34. Bg5 Bd6 35. Bf4 Bxf4 36. gxf4 Qf2+ 0-1

[Event "Zonal 2.3"]
[Site "Santo Domingo DOM"]
[Date "2007.06.08"]
[Round "12.6"]
[White "De los Santos, Eddy"]
[Black "Gonzalez, Bernal"]
[Result "0-1"]
[WhiteElo "2174"]
[BlackElo "2434"]
[PlyCount "92"]
[EventDate "2007.05.30"]
[EventType "tourn"]
[EventRounds "13"]
[EventCountry "DOM"]
[Source "lmi"]
[SourceDate "2007.05.30"]

1. c4 g6 2. Nc3 Bg7 3. g3 e5 4. Bg2 d6 5. d3 Nc6 6. Bd2 f5 7. Rb1 a5 8. a3 Nf6
9. b4 axb4 10. axb4 O-O 11. b5 Nd4 12. e3 Ne6 13. Nge2 Nc5 14. Qc2 e4 15. dxe4
fxe4 16. O-O Qe7 17. Nd5 Nxd5 18. cxd5 b6 19. Bc3 Bg4 20. Bxg7 Kxg7 21. Nd4 Qe5
22. h3 Bd7 23. Qb2 Rf6 24. Ne6+ Bxe6 25. Qxe5 dxe5 26. dxe6 Rxe6 27. Rb4 Ra5
28. Rfb1 Rd6 29. Bxe4 Rd2 30. g4 Raa2 31. Rf1 Kf6 32. Kg2 h6 33. Kg3 g5 34. Bf5
Ke7 35. Rbb1 Kf6 36. Ra1 Rxf2 37. Rxa2 Rxf1 38. Ra7 Rc1 39. Ra8 e4 40. Rh8 Re1
41. Rxh6+ Ke5 42. Rg6 Rxe3+ 43. Kg2 Kf4 44. Rc6 Re2+ 45. Kf1 Kf3 46. Rxc7 Nd3
0-1

[Event "Zonal 2.3"]
[Site "Santo Domingo DOM"]
[Date "2007.06.08"]
[Round "12.7"]
[White "Valdes, Leonardo"]
[Black "Farley, Terry"]
[Result "1-0"]
[WhiteElo "2401"]
[BlackElo "2244"]
[PlyCount "75"]
[EventDate "2007.05.30"]
[EventType "tourn"]
[EventRounds "13"]
[EventCountry "DOM"]
[Source "lmi"]
[SourceDate "2007.05.30"]

1. Nf3 Nf6 2. c4 g6 3. Nc3 Bg7 4. g3 O-O 5. Bg2 d6 6. O-O e5 7. d3 Nc6 8. Rb1
a5 9. a3 h6 10. b4 axb4 11. axb4 Be6 12. b5 Ne7 13. Bb2 c6 14. Qb3 Nd7 15. Ba3
Qc7 16. Nd2 f5 17. Rfe1 Rfc8 18. Bb4 Nf6 19. Ra1 Qd8 20. Rab1 g5 21. Ba3 Ng6
22. Bb2 Bf7 23. Ra1 d5 24. Rxa8 Rxa8 25. bxc6 bxc6 26. Ra1 Rb8 27. Qc2 Ng4 28.
Nd1 Qb6 29. Bc3 Qc7 30. Ra6 Nf6 31. Qa4 Be8 32. Qa2 Bf7 33. Bb2 Rc8 34. Bc3 Qb7
35. Ra4 Qb6 36. Rb4 Qc7 37. Qa6 Ne7 38. Rb7 1-0

[Event "Zonal 2.3"]
[Site "Santo Domingo DOM"]
[Date "2007.06.09"]
[Round "12.2"]
[White "Gonzalez, Bernal"]
[Black "Valdes, Leonardo"]
[Result "1/2-1/2"]
[WhiteElo "2434"]
[BlackElo "2401"]
[PlyCount "39"]
[EventDate "2007.05.30"]
[EventType "tourn"]
[EventRounds "13"]
[EventCountry "DOM"]
[SourceDate "2007.05.30"]

1. d4 Nf6 2. c4 g6 3. g3 Bg7 4. Bg2 d5 5. Nf3 dxc4 6. Qa4+ Nfd7 7. O-O O-O 8.
Qxc4 Nb6 9. Qd3 Nc6 10. Rd1 a5 11. a3 a4 12. Nc3 Na5 13. e4 Bg4 14. Be3 Nac4
15. Rab1 e5 16. d5 Nxe3 17. Qxe3 Nc4 18. Qc5 Nd6 19. h3 Bd7 20. Nd2 1/2-1/2

[Event "Zonal 2.3"]
[Site "Santo Domingo DOM"]
[Date "2007.06.09"]
[Round "12.3"]
[White "Bruzon Batista, Lazaro"]
[Black "De los Santos, Eddy"]
[Result "1-0"]
[WhiteElo "2620"]
[BlackElo "2174"]
[PlyCount "51"]
[EventDate "2007.05.30"]
[EventType "tourn"]
[EventRounds "13"]
[EventCountry "DOM"]
[SourceDate "2007.05.30"]

1. e4 c5 2. Nf3 d6 3. d4 cxd4 4. Nxd4 Nf6 5. Nc3 a6 6. Be3 b5 7. Nd5 e6 8.
Nxf6+ Qxf6 9. c4 d5 10. cxd5 Bb4+ 11. Ke2 O-O 12. Qb3 Bc5 13. Qc3 Be7 14. f4
exd5 15. e5 Qh4 16. g3 Qg4+ 17. Kf2 f6 18. e6 Bd6 19. Bg2 Bb7 20. Rac1 Be5 21.
e7 Re8 22. fxe5 fxe5 23. Nf3 d4 24. Qb3+ Kh8 25. Nxe5 Qf5+ 26. Bf4 1-0

[Event "Zonal 2.3"]
[Site "Santo Domingo DOM"]
[Date "2007.06.09"]
[Round "13.4"]
[White "Iturrizaga, Eduardo"]
[Black "Vittorino, Carlo"]
[Result "1/2-1/2"]
[WhiteElo "2398"]
[BlackElo "2206"]
[PlyCount "81"]
[EventDate "2007.05.30"]
[EventType "tourn"]
[EventRounds "13"]
[EventCountry "DOM"]
[SourceDate "2007.05.30"]

1. d4 d5 2. c4 e6 3. Nc3 c6 4. e3 f5 5. Nh3 Nf6 6. Nf4 Bd6 7. c5 Bc7 8. Nd3 O-O
9. Be2 Ne4 10. Qc2 Nd7 11. b4 e5 12. Bb2 Nxc3 13. Bxc3 e4 14. Nf4 Nf6 15. h4
Ng4 16. g3 a6 17. a4 Qf6 18. b5 axb5 19. axb5 Bd7 20. Ra4 Bxf4 21. gxf4 cxb5
22. Rb4 Ra4 23. Qb3 Rxb4 24. Bxb4 Ra8 25. Qxd5+ Be6 26. Qxb7 Ra1+ 27. Bd1 Rxd1+
28. Kxd1 Nxf2+ 29. Kc2 Nxh1 30. d5 h5 31. Bc3 Bxd5 32. Qxd5+ Qf7 33. Qa8+ Kh7
34. c6 b4 35. Bd4 Qc4+ 36. Kb2 Nf2 37. Qa7 Nd3+ 38. Ka1 Qc1+ 39. Ka2 Qc2+ 40.
Ka1 Qd1+ 41. Ka2 1/2-1/2

[Event "Zonal 2.3"]
[Site "Santo Domingo DOM"]
[Date "2007.06.09"]
[Round "13.5"]
[White "Mendoza, Rafael"]
[Black "Leon Hoyos, Manuel"]
[Result "0-1"]
[WhiteElo "2390"]
[BlackElo "2454"]
[PlyCount "190"]
[EventDate "2007.05.30"]
[EventType "tourn"]
[EventRounds "13"]
[EventCountry "DOM"]
[SourceDate "2007.05.30"]

1. e4 c5 2. Nf3 d6 3. d4 Nf6 4. dxc5 Nxe4 5. cxd6 Nc6 6. Be2 e6 7. c3 Bxd6 8.
Qc2 Nf6 9. Nbd2 e5 10. Nc4 e4 11. Nfd2 Bf5 12. Qb3 O-O 13. Qxb7 Rc8 14. Qb5 Bg6
15. Nxd6 Qxd6 16. Nc4 Qe6 17. O-O Rb8 18. Qa4 Bh5 19. Qc2 Rbc8 20. b3 Rfe8 21.
Bg5 Bxe2 22. Qxe2 Nd5 23. Qd2 f6 24. Be3 Rcd8 25. Rad1 Nf4 26. Bxf4 Rxd2 27.
Rxd2 Rd8 28. Rxd8+ Nxd8 29. Rd1 Nf7 30. h3 g5 31. Bb8 a6 32. Nd6 e3 33. Nxf7
Kxf7 34. Ba7 e2 35. Re1 f5 36. f3 h5 37. Bd4 g4 38. fxg4 fxg4 39. hxg4 hxg4 40.
Kf2 Qe4 41. Ba7 Qd3 42. Bb8 Qf5+ 43. Ke3 Qe6+ 44. Kd2 Qd5+ 45. Ke3 Qc5+ 46. Kd2
Qg5+ 47. Kxe2 Qf5 48. Kd2 Qd5+ 49. Ke3 Qxg2 50. Re2 Qg1+ 51. Kd3 Qd1+ 52. Rd2
Qb1+ 53. Ke3 Qh1 54. Kd3 Qh7+ 55. Ke3 Qh3+ 56. Kd4 Qh8+ 57. Be5 Qd8+ 58. Ke3
Qg5+ 59. Bf4 Qc5+ 60. Ke4 Qxc3 61. Rf2 Ke6 62. Be3 g3 63. Re2 Qe5+ 64. Kd3 Kf5
65. Bd4 Qb5+ 66. Kd2 Qa5+ 67. Ke3 Kg4 68. Kd3 Qb5+ 69. Kd2 Qd5 70. Kc3 g2 71.
Rd2 Kf5 72. a4 a5 73. Rf2+ Ke4 74. Re2+ Kf3 75. Rf2+ Kg3 76. Rd2 Qb7 77. Kc2
Kf3 78. Rf2+ Kg4 79. Rd2 Qf3 80. Bg1 Qf1 81. Bd4 Kf3 82. Rd3+ Ke4 83. Rd2 Qf5
84. Kc3 Qf4 85. Bc5 Qg3+ 86. Kc4 Qe1 87. Rd4+ Ke5 88. Rd5+ Ke6 89. Rd6+ Kf7 90.
Rd7+ Ke8 91. Rd3 Qf1 92. Be3 Ke7 93. Kc3 Ke6 94. Kd4 g1=R 95. Bxg1 Qxg1+ 0-1

[Event "Zonal 2.3"]
[Site "Santo Domingo DOM"]
[Date "2007.06.09"]
[Round "13.6"]
[White "Dominguez, Jose Manuel"]
[Black "Boada, Winston"]
[Result "0-1"]
[WhiteElo "2330"]
[BlackElo "2185"]
[PlyCount "76"]
[EventDate "2007.05.30"]
[EventType "tourn"]
[EventRounds "13"]
[EventCountry "DOM"]
[SourceDate "2007.05.30"]

1. Nf3 c5 2. a3 g6 3. c4 Bg7 4. Nc3 b6 5. g3 Bb7 6. Bg2 d6 7. O-O Nf6 8. d3 O-O
9. Bg5 Nbd7 10. Qc1 Re8 11. Bh6 Bh8 12. h3 a6 13. Rb1 Qc7 14. e4 Ne5 15. Qd2 e6
16. Nh2 Nc6 17. f4 Nd4 18. Ne2 Nh5 19. Rf3 f5 20. Re3 Nxe2+ 21. Qxe2 Bd4 22.
Kh1 Bxe3 23. Qxe3 e5 24. fxe5 dxe5 25. b4 f4 26. gxf4 exf4 27. Qf2 Rad8 28.
bxc5 bxc5 29. Bf3 Ng3+ 30. Kg2 Rxd3 31. Ng4 Nxe4 32. Rxb7 Qxb7 33. Nf6+ Kf7 34.
Nxe8 Kxe8 35. Qc2 Qd7 36. Bxf4 Nd2 37. Bg4 Qb7+ 38. Kf2 Rf3+ 0-1